Sober to Death-Car Seat Headrest Lyrics - Statistics

General Stats
  • This quiz has been taken 313 times
  • The average score is 213 of 263
Answer Stats
Answer % Correct
I
98%
you
97%
You
97%
a
96%
the
94%
your
94%
and
93%
And
93%
no
93%
be
92%
In
92%
in
92%
to
92%
that
91%
That
91%
me
89%
of
89%
on
89%
We
89%
we
89%
body
88%
ghost
87%
Hold
87%
hold
87%
my
87%
bad
86%
Don't
86%
don't
86%
Good
86%
good
86%
it
86%
know
86%
lives
86%
stories
86%
What
86%
with
86%
Another
84%
didn't
84%
hand
84%
have
84%
make
84%
When
84%
won't
84%
movie
83%
watch
83%
mattresses
82%
more
82%
neck
82%
Not
82%
old
82%
punching
82%
Take
82%
can
81%
gets
81%
into
81%
alone
80%
each
80%
other
80%
this
80%
before
79%
off
79%
always
78%
way
78%
were
78%
worry
78%
If
77%
if
77%
it'll
77%
Lovely
77%
lovely
77%
say
77%
hands
76%
text
76%
think
76%
anything
75%
crashed
75%
breakdowns
74%
by
74%
for
74%
sometimes
74%
wrecks
74%
Every
73%
turns
73%
are
72%
comforted
72%
frenzy
72%
idea
72%
behind
71%
boxes
71%
closed
70%
just
70%
Such
70%
you're
70%
even
69%
Hiding
69%
is
69%
words
69%
doorways
68%
wanna
68%
hear
67%
screaming
67%
final
66%
going
66%
jeans
66%
eyes
65%
house
65%
conversation
64%
ends
64%
Nothing
64%
gonna
63%
psycho
63%
works
63%
everyone
62%
corner
61%
somewhere
61%
terror
60%
move
57%
its
54%
seen
54%
adjacent
53%
Out
53%
I've
52%
garage
51%
from
49%
I'm
49%
forest
48%
"Ahh-ahh-ahh"
44%
mark
37%
No matching quizzes found
Score Distribution
Percent of People with Each Score
Percentile by Number Answered
Your Score History
You have not taken this quiz